000 00961nam0a22002411 4500
001 rc\4938939
005 20260409062731.0
021 _aRU
_bРг4064-65
035 _a(NLR Aleph) 008850479
090 _a8397232
_c8397232
100 _a20130426d1964 |||y0rusy50 ca
101 0 _arus
102 _aRU
105 _aa b |||||
200 1 _aЭлектронный индикатор уровня ЭИУ
_eТехн. описание, инструкция по монтажу и эксплуатации, паспорт
_fРСФСР. Совнархоз Моск. экон. района. ЦБТИ. Рязан. завод тепловых приборов
210 _aРязань
_cБ. и.
_d1964
215 _a10, [9] с.
_cил.
_d20
712 0 2 _aРязанский завод тепловых приборов
_3RU\NLR\AUTH\8810211641
_9310409
801 0 _aRU
_bNLR
_gpsbo
801 1 _aRU
_bELAR
_2rusmarc
852 _aNLR
_j65-4/7333
942 _cBOOK
980 _aNB